| 000 | 00631nam a22001577a 4500 | ||
|---|---|---|---|
| 003 | OSt | ||
| 005 | 20151210094708.0 | ||
| 008 | 151210b xxu||||| |||| 00| 0 eng d | ||
| 040 | _cRUA | ||
| 082 | _aATM CHA 2004 B205 Or.1 | ||
| 100 |
_94634 _aCHAP, MOCH |
||
| 245 | _aEconomic development of rural household in and snoul district, kandal province, ការអភិវឌ្ឆន័សេដ្ឋកិច្ចគ្រួសារជនបទក្នុងស្រុកអង្គស្នូល ខេត្តកណ្តាល | ||
| 260 |
_aPhnom Penh _bRUA _c2004 |
||
| 300 |
_aix, 55p. _bill. _c29cm. |
||
| 942 |
_2ddc _cATM |
||
| 999 |
_c4317 _d4317 |
||